000 00474nam a2200181Ia 4500
003 LK-CoDNM
008 010623t xxu||||| |||| 00| 1 sin d
040 _aLK-CoDNM
_dLK-CoDNM
_eLK-CoDNM
041 _asin
080 _a929 RAN
100 _aRanaweera, Sarath
_eed.
245 _aලොව ප්‍ර‍කට චරිත 50 ක්
246 _aLowa prakata charitha 50 k
260 _bWasana
_aDankotuwa
300 _b48, 21 cm
650 _aBiography
942 _cBK
999 _c140837
_d140837